<?xml version="1.0" encoding="UTF-8"?>
<record
    xmlns:xsi="http://www.w3.org/2001/XMLSchema-instance"
    xsi:schemaLocation="http://www.loc.gov/MARC21/slim http://www.loc.gov/standards/marcxml/schema/MARC21slim.xsd"
    xmlns="http://www.loc.gov/MARC21/slim">

  <leader>01612nam0a22003131  4500</leader>
  <controlfield tag="001">rc\644693</controlfield>
  <controlfield tag="005">20260405073257.0</controlfield>
  <datafield tag="035" ind1=" " ind2=" ">
    <subfield code="a">(NLR Aleph) 005885492</subfield>
  </datafield>
  <datafield tag="090" ind1=" " ind2=" ">
    <subfield code="a">6122606</subfield>
    <subfield code="c">6122606</subfield>
  </datafield>
  <datafield tag="100" ind1=" " ind2=" ">
    <subfield code="a">20031121d1986    |||y0rusy50      ca</subfield>
  </datafield>
  <datafield tag="101" ind1="0" ind2=" ">
    <subfield code="a">rus</subfield>
  </datafield>
  <datafield tag="102" ind1=" " ind2=" ">
    <subfield code="a">RU</subfield>
  </datafield>
  <datafield tag="105" ind1=" " ind2=" ">
    <subfield code="a">a   |||||||||</subfield>
  </datafield>
  <datafield tag="200" ind1="1" ind2=" ">
    <subfield code="a">&#x414;&#x440;&#x438;&#x441; &#x428;&#x440;&#x430;&#x439;&#x431;&#x438;</subfield>
    <subfield code="e">&#x41D;&#x43E;&#x432;&#x43E;&#x435; &#x432;&#x440;&#x435;&#x43C;&#x44F; &#x432; &#x43C;&#x430;&#x433;&#x440;&#x438;&#x431;&#x438;&#x43D;&#x441;&#x43A;&#x43E;&#x439; &#x43B;&#x438;&#x442;&#x435;&#x440;&#x430;&#x442;&#x443;&#x440;&#x435;</subfield>
    <subfield code="f">&#x410;&#x41D; &#x421;&#x421;&#x421;&#x420;, &#x418;&#x43D;-&#x442; &#x432;&#x43E;&#x441;&#x442;&#x43E;&#x43A;&#x43E;&#x432;&#x435;&#x434;&#x435;&#x43D;&#x438;&#x44F;</subfield>
  </datafield>
  <datafield tag="210" ind1=" " ind2=" ">
    <subfield code="a">&#x41C;.</subfield>
    <subfield code="c">&#x41D;&#x430;&#x443;&#x43A;&#x430;</subfield>
    <subfield code="d">1986</subfield>
  </datafield>
  <datafield tag="215" ind1=" " ind2=" ">
    <subfield code="a">259, [3] &#x441;.</subfield>
    <subfield code="c">&#x43F;&#x43E;&#x440;&#x442;&#x440;.</subfield>
    <subfield code="d">20</subfield>
  </datafield>
  <datafield tag="225" ind1="1" ind2=" ">
    <subfield code="a">&#x41F;&#x438;&#x441;&#x430;&#x442;&#x435;&#x43B;&#x438; &#x438; &#x443;&#x447;&#x435;&#x43D;&#x44B;&#x435; &#x412;&#x43E;&#x441;&#x442;&#x43E;&#x43A;&#x430;</subfield>
  </datafield>
  <datafield tag="320" ind1=" " ind2=" ">
    <subfield code="a">&#x41F;&#x440;&#x43E;&#x438;&#x437;&#x432;&#x435;&#x434;&#x435;&#x43D;&#x438;&#x44F; &#x414;&#x440;&#x438;&#x441;&#x430; &#x428;&#x440;&#x430;&#x439;&#x431;&#x438; &#x438; &#x43B;&#x438;&#x442;. &#x43E; &#x43D;&#x435;&#x43C;: &#x441;. 261</subfield>
  </datafield>
  <datafield tag="327" ind1="0" ind2=" ">
    <subfield code="a">&#x412; &#x43A;&#x43D;. &#x442;&#x430;&#x43A;&#x436;&#x435;: &#x420;&#x430;&#x441;&#x441;&#x43A;&#x430;&#x437;&#x44B; &#x438;&#x437; &#x43A;&#x43D;&#x438;&#x433;&#x438; "&#x421;&#x43E; &#x432;&#x441;&#x435;&#x445; &#x433;&#x43E;&#x440;&#x438;&#x437;&#x43E;&#x43D;&#x442;&#x43E;&#x432;"; &#x418;&#x437; &#x440;&#x43E;&#x43C;&#x430;&#x43D;&#x430; "&#x412;&#x430;&#x441; &#x43D;&#x430;&#x432;&#x435;&#x441;&#x442;&#x438;&#x442; &#x434;&#x440;&#x443;&#x433;" / &#x414;&#x440;&#x438;&#x441; &#x428;&#x440;&#x430;&#x439;&#x431;&#x438;</subfield>
  </datafield>
  <datafield tag="464" ind1=" " ind2="0">
    <subfield code="1">2001#$a&#x420;&#x430;&#x441;&#x441;&#x43A;&#x430;&#x437;&#x44B; &#x438;&#x437; &#x43A;&#x43D;&#x438;&#x433;&#x438; "&#x421;&#x43E; &#x432;&#x441;&#x435;&#x445; &#x433;&#x43E;&#x440;&#x438;&#x437;&#x43E;&#x43D;&#x442;&#x43E;&#x432;"</subfield>
    <subfield code="1">700#1$a&#x428;&#x440;&#x430;&#x439;&#x431;&#x438;$b&#x414;.$g&#x414;&#x440;&#x438;&#x441;</subfield>
    <subfield code="t">&#x420;&#x430;&#x441;&#x441;&#x43A;&#x430;&#x437;&#x44B; &#x438;&#x437; &#x43A;&#x43D;&#x438;&#x433;&#x438; "&#x421;&#x43E; &#x432;&#x441;&#x435;&#x445; &#x433;&#x43E;&#x440;&#x438;&#x437;&#x43E;&#x43D;&#x442;&#x43E;&#x432;"</subfield>
    <subfield code="a">&#x428;&#x440;&#x430;&#x439;&#x431;&#x438;, &#x414;&#x440;&#x438;&#x441;</subfield>
  </datafield>
  <datafield tag="464" ind1=" " ind2="0">
    <subfield code="1">2001#$a&#x418;&#x437; &#x440;&#x43E;&#x43C;&#x430;&#x43D;&#x430; "&#x412;&#x430;&#x441; &#x43D;&#x430;&#x432;&#x435;&#x441;&#x442;&#x438;&#x442; &#x434;&#x440;&#x443;&#x433;"</subfield>
    <subfield code="1">700#1$a&#x428;&#x440;&#x430;&#x439;&#x431;&#x438;$b&#x414;.$g&#x414;&#x440;&#x438;&#x441;</subfield>
    <subfield code="t">&#x418;&#x437; &#x440;&#x43E;&#x43C;&#x430;&#x43D;&#x430; "&#x412;&#x430;&#x441; &#x43D;&#x430;&#x432;&#x435;&#x441;&#x442;&#x438;&#x442; &#x434;&#x440;&#x443;&#x433;"</subfield>
    <subfield code="a">&#x428;&#x440;&#x430;&#x439;&#x431;&#x438;, &#x414;&#x440;&#x438;&#x441;</subfield>
  </datafield>
  <datafield tag="600" ind1=" " ind2="1">
    <subfield code="a">&#x428;&#x440;&#x430;&#x439;&#x431;&#x438;</subfield>
    <subfield code="b">&#x414;.</subfield>
    <subfield code="g">&#x414;&#x440;&#x438;&#x441;</subfield>
    <subfield code="2">psbo</subfield>
  </datafield>
  <datafield tag="700" ind1=" " ind2="1">
    <subfield code="8">rus</subfield>
    <subfield code="7">ca</subfield>
    <subfield code="a">&#x41F;&#x440;&#x43E;&#x436;&#x43E;&#x433;&#x438;&#x43D;&#x430;</subfield>
    <subfield code="b">&#x421;. &#x412;.</subfield>
    <subfield code="f">1938-</subfield>
    <subfield code="g">&#x421;&#x432;&#x435;&#x442;&#x43B;&#x430;&#x43D;&#x430; &#x412;&#x438;&#x43A;&#x442;&#x43E;&#x440;&#x43E;&#x432;&#x43D;&#x430;</subfield>
    <subfield code="3">RU\NLR\AUTH\7725534</subfield>
    <subfield code="9">8581</subfield>
  </datafield>
  <datafield tag="801" ind1=" " ind2="0">
    <subfield code="a">RU</subfield>
    <subfield code="b">NLR</subfield>
    <subfield code="g">psbo</subfield>
  </datafield>
  <datafield tag="801" ind1=" " ind2="1">
    <subfield code="a">RU</subfield>
    <subfield code="b">ELAR</subfield>
    <subfield code="2">rusmarc</subfield>
  </datafield>
  <datafield tag="852" ind1=" " ind2=" ">
    <subfield code="a">NLR</subfield>
    <subfield code="j">86-3/2973</subfield>
  </datafield>
  <datafield tag="942" ind1=" " ind2=" ">
    <subfield code="c">BOOK</subfield>
  </datafield>
  <datafield tag="980" ind1=" " ind2=" ">
    <subfield code="a">NB</subfield>
  </datafield>
  <datafield tag="995" ind1=" " ind2=" ">
    <subfield code="5">2013-10-26</subfield>
    <subfield code="b">NLR01</subfield>
    <subfield code="c">NLR01</subfield>
    <subfield code="e">RF9</subfield>
    <subfield code="f">1-669120</subfield>
    <subfield code="k">86-3/2973</subfield>
    <subfield code="o">0</subfield>
    <subfield code="r">BOOK</subfield>
    <subfield code="s">8632973_</subfield>
  </datafield>
</record>
